Statistics for Multiple Choice - World Geography 1

Click here to take the quiz!

General Stats

  • This quiz has been taken 1,885 times
    (1,867 since last reset)
  • The average score is 9 of 20

Answer Stats

QuestionAnswer% Correct
Vilnius is the Capital City of which Country?Lithuania
77%
The Capital City of New Zealand is the worlds most Southern Capital City, what is it?Wellington
72%
Which large City is on an island off the Southern Tip of the Malay PeninsulaSingapore
66%
Which of these 'Regions' lies in the Southern Hemisphere?Tierra del Fuego
66%
The Capital of Pakistan is?Islamabad
64%
Only 2 of the 13 countries of South America have no coastline, they are?Bolivia and Paraguay
59%
The White and Blue Nile meet at which Sudanese City?Khartoum
58%
Which of these 4 countries is the largest in area ?Kazakhstan
57%
'Mariana Trench' is the deepest ocean location: How deep is it in kilometres?10,92 Kilometre......... ( 6.79 miles) ( 35,827 ft )
53%
With 135 million inhabitants, what is the most populous Island?Java
52%
What is the Capital of Tanzania?Dodoma
43%
In which 3 Countries is the 'Kalahari Desert' located?South Africa / Botswana / Namibia
38%
The British Island of 'Tristan da Cunha' is located in which Ocean?Atlantic Ocean
37%
Which Caribbean Country's Flag shows black and yellow triangles representing its volcanic mountains?Saint Lucia
31%
What is the 'Sea' to the west of the North-West Malaysian Peninsula?Andaman Sea
30%
Which UK City has a bigger 'Canal System' than Venice?Birmingham
30%
What is the 'Radius' of the Earth (in kilometres)?6,371 km ( 3,959 miles)
23%
What 3 Countries have the 1st 2nd & 3rd Longest Coastlines?Canada / Norway / Indonesia
14%
The largest lake in the UK is?Lough Neagh
12%
The 'Taj Mahal' sits on the bank of which river?Yamuna
10%

Score Distribution

Percentile by Number Answered

Percent of People with Each Score

Your Score History

You have not taken this quiz since the last reset